Human Physiology: An Integrated Approach (Record no. 14054)
[ view plain ]
| 000 -LEADER | |
|---|---|
| fixed length control field | 00315nam a22001337a 4500 |
| 020 ## - INTERNATIONAL STANDARD BOOK NUMBER | |
| ISBN | 9781292094939 |
| 082 ## - DEWEY DECIMAL CLASSIFICATION NUMBER | |
| Classification number | 612 |
| 100 ## - MAIN ENTRY--AUTHOR NAME | |
| Personal name | Dee Unglaub Silverthorn |
| 245 ## - TITLE STATEMENT | |
| Title | Human Physiology: An Integrated Approach |
| 250 ## - EDITION STATEMENT | |
| Edition statement | 7th ed. |
| 260 ## - PUBLICATION, DISTRIBUTION, ETC. (IMPRINT) | |
| Place of publication | UK |
| Name of publisher | Pearson Education |
| Year of publication | 2015 |
| 300 ## - PHYSICAL DESCRIPTION | |
| Number of Pages | 960 pages |
| 942 ## - ADDED ENTRY ELEMENTS (KOHA) | |
| Koha item type | Books |
| Withdrawn status | Lost status | Collection code | Permanent Location | Current Location | Shelving location | Date acquired | Full call number | Accession Number | Koha item type |
|---|---|---|---|---|---|---|---|---|---|
| | | Bio Sciences | MAJU | MAJU | Shelf No.A36 | 2025-09-04 | 612 | 11123 | Books |